Slovenia all time starting xi - Statistics

General Stats
  • This quiz has been taken 29 times
    13 since last reset
  • The average score is 4 of 11
Answer Stats
Hint Answer % Correct
GK(2015- Jan Oblak
100%
FW(2021- Benjamin Šeško
78%
MF(2012-2018 Kevin Kampl
56%
DF(2003-2018 Boštjan Cesar
33%
FW(2010-2024 Josip Iličić
33%
DF(2004-2015 Mišo Brečko
22%
FW(1992-2004 Zlatko Zahovič
22%
MF(2012-2024 Jasmin Kurtić
11%
DF(1994-2002 Marinko Galič
11%
MF(2005-2018 Valter Birsa
11%
DF(2006-2019 Bojan Jokić
0%
No matching quizzes found
Score Distribution
Percent of People with Each Score
Percentile by Number Answered
Your Score History
You have not taken this quiz since the last reset